000 00374nam a2200145Ia 4500
008 210716s1995 xx 000 0 und d
041 _aeng
082 _a005.268 LOWD
100 _aLowe, Doug.
245 _aPower point 4: for windows for dummies.
250 _a1
260 _aNew Delhi
_bPustak mahal
_c1995
300 _axvi,328
650 _aMicrosoft Windows(005.269)
999 _c183375
_d183375